000 01566nam a2200313 a 4500
001 000026383
003 DO-SdBNP
005 20240409073641.0
008 110315s2002 dr ac 001 0 spa d
040 _aDO-SdBNP
_bspa
_cBNPHU
082 4 _a972.93
_bF475d, 2002
_222
100 1 _aFiguereo Agramonte, Leopoldo,
_d1953-
_953408
245 1 0 _aDe Liborio a Palma Sola /
_cLeopoldo Figuereo Agramonte.
250 _a2a. ed.
260 _aSan Juan, República Dominicana :
_bSan Juan 2000,
_c2002.
300 _a212 p. :
_bil., retr. ;
_c21 cm.
500 _aIncluye datos biográficos del autor en la contracubierta
504 _aBibliografía: p. 209-211.
505 0 _gPrólogo --
_tLa ciudad heroica --
_tLos amos del valle --
_tEl cimarron de la cordillera --
_tLa pugna militar --
_tEspiritualidad palmasoleña --
_tLa revelación de los quemados --
_tEl presagio --
_tMataron al General --
_tTratamiento periodístico del genocidio --
_tEntre el dolor, amor y la esperanza --
_tResultado del estudio de investigación --
_gBibliografía.
590 _aInventariado, 2019/MFF
600 1 4 _aMateo Ledesma, Liborio,
_d1978-1922
_953409
650 4 _aMasacres
_zRepública Dominicana, Palma Sola (San Juan)
_953410
651 4 _aPalma Sola (San Juan, República Dominicana)
_xHistoria
_9170
651 0 _a San Juan de la Maguana (República Dominicana)
_911181
651 0 _aPalma Sola (San Juan, República Dominicana)
_953411
651 4 _aRepública Dominicana
_xHistoria
_yRevolución,1965
_92167
910 _aValidado. Control de calidad EMS
942 _2ddc
_cLBS1
999 _c25875
_d25875